The Pacific War revisited /

In 1991, fifty years after the outbreak of war in the Pacific, leading World War II scholars met at the University of New Orleans' Eisenhower Center to confer on the war in that theater. This volume, based on the proceedings of that conference, reflects the great complexity and scope of the con...

முழு விளக்கம்

Saved in:
நூற்பட்டியல் விவரங்கள்
குழும எழுத்தாளர்: Eisenhower Center (University of New Orleans)
மற்ற எழுத்தாளர்கள்: Bischof, Günter, 1953-, Dupont, Robert L., 1946-
வடிவம்: புத்தகம்
மொழி:English
வெளியீடப்பட்டது: Baton Rouge : Louisiana State University Press, c1997.
தொகுதி:Eisenhower Center studies on war and peace.
பகுதிகள்:
குறியீடுகள்: குறிச்சொல் இணை
குறியீடுகள் இல்லை, இந்த குறிச்சொல்லை முதலில் பதிவு செய்யுங்கள்!
LEADER 02625cam a2200337 a 4500
001 007747053-2
005 20020606104010.5
008 970310s1997 laua b s101 0 eng
010 |a  97005178  
020 |a 0807121568 (cloth : alk. paper) 
035 0 |a ocm36573604 
040 |a DLC  |c DLC  |d DLC 
043 |a p------ 
050 0 0 |a D767  |b .P334 1997 
082 0 0 |a 940.54/26  |2 21 
245 0 4 |a The Pacific War revisited /  |c edited by Günter Bischof and Robert L. Dupont. 
260 |a Baton Rouge :  |b Louisiana State University Press,  |c c1997. 
300 |a xiii, 220 p. :  |b ill. ;  |c 24 cm. 
490 1 |a Eisenhower Center studies on war and peace 
500 |a Rev. papers originally delivered during the annual spring conference held in 1991 at the Eisenhower Center at the University of New Orleans; papers given by two authors are not included. 
504 |a Includes bibliographical references (p. [199]-206) and index. 
505 0 0 |t Introduction: Rethinking the Pacific War /  |r D. Clayton James --  |t General Douglas MacArthur and the Politics of the Pacific War /  |r Michael Schaller --  |t The Pacific War and the Fourth Dimension of Strategy /  |r Ronald H. Spector --  |t Fuel and U.S. Naval Operations in the Pacific, 1942 /  |r Daniel K. Blewett --  |t American Submarine Warfare in the Pacific, 1941-1945: Guerre de course Triumphant /  |r Kenneth J. Hagan --  |t Photo Selection: American Posters and Cartoons of World War II --  |t The Defenders of Wake Island and Their Two Wars, 1941-1945 /  |r Gregory J.W. Urwin --  |t Nurses Under Fire: Healing and Heroism in the South Pacific /  |r Kathleen Warnes --  |t General Arnold, the Atomic Bomb, and the Surrender of Japan /  |r Herman S. Wolk --  |t Racism, the Atomic Bomb, and the Transformation of Japanese-American Relations /  |r Stephen E. Ambrose and Brian Loring Villa. 
520 |a In 1991, fifty years after the outbreak of war in the Pacific, leading World War II scholars met at the University of New Orleans' Eisenhower Center to confer on the war in that theater. This volume, based on the proceedings of that conference, reflects the great complexity and scope of the conflict - addressing topics that range from high-command and grand-strategy concerns to logistics, prisoners of war, and the nature of the "racial" war in the Pacific. 
650 0 |a World War, 1939-1945  |x Campaigns  |z Pacific Area  |v Congresses. 
655 7 |a Conference proceedings.  |2 fast 
700 1 |a Bischof, Günter,  |d 1953- 
700 1 |a Dupont, Robert L.,  |d 1946- 
710 2 |a Eisenhower Center (University of New Orleans) 
830 0 |a Eisenhower Center studies on war and peace. 
988 |a 20020608 
906 |0 DLC